Transportation Engineering (Record no. 4950)

MARC details
000 -LEADER
fixed length control field 00419nam a22001697a 4500
005 - DATE AND TIME OF LATEST TRANSACTION
control field 20160630145607.0
008 - FIXED-LENGTH DATA ELEMENTS--GENERAL INFORMATION
fixed length control field 160630b xxu||||| |||| 00| 0 eng d
020 ## - INTERNATIONAL STANDARD BOOK NUMBER
ISBN 81-219-2072-8
041 ## - LANGUAGE CODE
Language code of text/sound track or separate title eng
082 ## - DEWEY DECIMAL CLASSIFICATION NUMBER
Item number 19894
100 ## - MAIN ENTRY--AUTHOR NAME
Personal name Chndola S P
245 ## - TITLE STATEMENT
Title Transportation Engineering
260 ## - PUBLICATION, DISTRIBUTION, ETC. (IMPRINT)
Place of publication New Delhi
Name of publisher Sultan Chand & Sons,
Year of publication 2014
300 ## - PHYSICAL DESCRIPTION
Number of Pages 521
650 ## - SUBJECT ADDED ENTRY--TOPICAL TERM
Topical Term Diploma Engineering
942 ## - ADDED ENTRY ELEMENTS (KOHA)
Koha item type Books
Holdings
Lost status Damaged status Home library Current library Shelving location Date acquired Cost, normal purchase price Full call number Accession Number Koha item type
    JRU Library   SHELF-44-C 30/06/2016 325.00 19894 19894 Books
    JRU Library   SHELF-44-C 30/06/2016 325.00 19894 19895 Books
    JRU Library   SHELF-44-C 30/06/2016 325.00 19894 19896 Books
    JRU Library   SHELF-44-C 30/06/2016 325.00 19894 19897 Books
    JRU Library   SHELF-44-C 30/06/2016 325.00 19894 19898 Books
    JRU Library   SHELF-44-C 30/06/2016 325.00 19894 19899 Books
    JRU Library   SHELF-44-C 30/06/2016 325.00 19894 19900 Books
    JRU Library   SHELF-44-C 30/06/2016 325.00 19894 19901 Books
    JRU Library   SHELF-44-C 30/06/2016 325.00 19894 19902 Books
    JRU Library   SHELF-44-C 30/06/2016 325.00 19894 19903 Books
    JRU Library   SHELF-44-C 30/06/2016 325.00 19894 19904 Books
    JRU Library   SHELF-44-C 30/06/2016 325.00 19894 19905 Books
    JRU Library   SHELF-44-C 30/06/2016 325.00 19894 19906 Books
    JRU Library   SHELF-44-C 30/06/2016 325.00 19894 19907 Books
    JRU Library   SHELF-44-C 30/06/2016 325.00 19894 19908 Books
    JRU Library   SHELF-44-C 30/06/2016 325.00 19894 19909 Books
    JRU Library   SHELF-43-C 30/06/2016 325.00 19894 19910 Books
    JRU Library JRU Library SHELF-44-C 30/06/2016 325.00   19911 Books
    JRU Library   SHELF-44-C 30/06/2016 325.00 19894 19912 Books
    JRU Library   SHELF-44-C 30/06/2016 325.00 19894 19913 Books